| 000 | 01493 a2200409 4500 | ||
|---|---|---|---|
| 999 |
_c71343 _d26389 |
||
| 001 | 71343 | ||
| 003 | TR-AnTOB | ||
| 005 | 20210817173721.0 | ||
| 008 | 110217s2007 tu a b 000 0 d | ||
| 020 | _a97897506047805 | ||
| 040 |
_aBGZ _cBGZ |
||
| 041 | _atur | ||
| 049 | _aBGZA | ||
| 050 |
_aHD75.7 _b.O97 2007 |
||
| 090 | _aHD75.7 .O97 2007 | ||
| 100 |
_aÖzsoy, Ceyda _945732 |
||
| 245 | 0 |
_aTürkiye'de mesleki ve teknik eğitimin iktisadi kalkınmadaki yeri ve önemi / _cCeyda Özsoy. |
|
| 264 | 1 |
_aEskişehir : _bAnadolu Üniversitesi Yayınları, _c2007. |
|
| 300 |
_axxiv, 308 s. : _bill. ; _c24 cm. |
||
| 336 |
_2rdacontent _atext _btxt |
||
| 337 |
_2rdamedia _aunmediated _bn |
||
| 338 |
_2rdacarrier _avolume _bnc |
||
| 490 | 0 |
_aT.C. Anadolu Üniversitesi yayınları ; _vno. 1780 _aİkisadi ve İdari Bilimler Fakültesi yayınları ; _vno.203 |
|
| 504 | _aIncludes bibliographical references p. 287-308 | ||
| 650 | 7 |
_aMesleki eğitim _zTürkiye _2etuturkob _920155 |
|
| 650 | 7 |
_aTeknik eğitim _zTürkiye _2etuturkob _920156 |
|
| 650 | 0 |
_aVocational education _zTurkey _920157 |
|
| 650 |
_aTechnical education _zTurkey _920158 |
||
| 650 |
_aEkonomik kalkınma _xEğitimin etkisi _zTürkiye _945734 |
||
| 650 |
_aEconomic development _xEffect of education on _zTurkey _945735 |
||
| 710 | 2 |
_aAnadolu Üniversitesi. _bSosyal Bilimler Enstitüsü _977901 |
|
| 902 | _a0024740 | ||
| 903 | _aMerkez Kütüphane | ||
| 942 |
_cBK _2lcc |
||
| 945 | _aMC, 28.07.2008, SA | ||